|
|
|
|
| LEADER |
00000nam a2200000Ia 4500 |
| 008 |
170301b2006 cr ||||| |||| 00| | spa d |
| 999 |
|
|
|c 911
|d 911
|
| 020 |
|
|
|a 9968-9624-0-6
|
| 090 |
|
|
|a 04.02.01
|b 1747
|
| 100 |
1 |
|
|9 2498
|a Jiménez Sandoval, Rodrigo
|
| 245 |
1 |
0 |
|a Derechos Humanos de las personas con discapacidad en Costa Rica /
|c Rodrigo Sandoval, editor/a
|
| 260 |
|
|
|a Costa Rica :
|b La Agencia,
|c 2006
|
| 300 |
|
|
|a 58 páginas,
|c 21x14 centímetros
|
| 650 |
1 |
4 |
|a DERECHOS HUMANOS
|9 588
|
| 650 |
1 |
4 |
|a PERSONAS CON DISCAPACIDAD
|9 1369
|
| 710 |
2 |
|
|9 1368
|a Consejo Nacional de Rehabilitación y Educación Especial
|
| 942 |
|
|
|i 003278
|h 04.02.01 1747
|2 z
|c 01
|